| 000 | 00635nam a2200217 4500 | ||
|---|---|---|---|
| 001 | 44799 | ||
| 010 | _a9789896561437 | ||
| 021 | _b328634/11 | ||
| 090 | _a44799 | ||
| 100 | _a20110524d2011 m y0pory5003 ba | ||
| 101 | 0 | _apor | |
| 102 | _aPT | ||
| 200 | 1 |
_aPeregrino _eviagens e mendicância _fNunes Zarel-Leci |
|
| 210 | 9 |
_aErmesinde _cE-copy, _d2011 |
|
| 215 |
_a69, [3] p. _d21 cm |
||
| 225 | 2 |
_aPoetas contemporâneos _v30 |
|
| 675 |
_a821.134.3-1"20" _vBN _zpor |
||
| 700 | 1 |
_aZarelleci, _bNunes, |
|
| 801 | 0 |
_aPT _bBN _gRPC |
|
| 856 | 4 | 1 | _uhttp://rnod.bnportugal.gov.pt/ImagesBN/winlibimg.aspx?skey=&doc=1780736&img=14643&save=true |
| 990 | _cLIVROS | ||